How to wow : Photoshop for photography

Bibliographic Details
Main Author: Davis, Jack
Format: Book
Published: Berkeley : Peachpit Press , 2004
Subjects:

MARC

LEADER 00000cam a2200000 7i4500
001 0000012391
005 20051022.0
020 |a 0321227999 
040 |a INS 
090 0 0 |a TR267   |b D39 2004 
100 1 |a Davis, Jack 
245 1 0 |a How to wow :   |b Photoshop for photography   |c Jack Davis 
260 |a Berkeley :   |b Peachpit Press ,   |c 2004 
300 |b 269p. ;   |c 22cm. 
650 0 0 |a Adobe photoshop 
650 0 0 |a Computer graphics 
999 |a 0000016019   |b BOOK   |c Open Shelf   |e Default branch